[Event "MCRE_PF19"]
[Site "?"]
[Date "2004.??.??"]
[Round "?"]
[White "Strnad, Jiri"]
[Black "Postl, Rostislav"]
[Result "1/2-1/2"]
[WhiteElo "2228"]
[BlackElo "2309"]
[PlyCount "68"]
[EventDate "2004.??.??"]
[EventType "corr"]
[EventRounds "2"]
[SourceDate "2005.03.12"]

1. d4 d5 2. Nf3 Nf6 3. c4 e6 4. Nc3 Be7 5. Bg5 O-O 6. e3 Nbd7 7. Qc2 c5 8. Rd1
cxd4 9. Rxd4 Nb6 10. cxd5 Nfxd5 11. Bxe7 Qxe7 12. Bd3 Nf6 13. Ne5 Bd7 14. O-O
Rfd8 15. Ne4 Rac8 16. Nxf6+ Qxf6 17. Nxd7 Qxd4 18. Bxh7+ Kh8 19. exd4 Rxc2 20.
Bxc2 Rxd7 21. Rd1 Nc4 22. b4 Nb2 23. Rd2 Nc4 24. Rd3 Nb2 25. Rh3+ Kg8 26. Rb3
Nc4 27. b5 Nb6 28. Rd3 Nd5 29. Kf1 Nb4 30. Rc3 Nxc2 31. Rxc2 Rxd4 32. Rc7 Ra4
33. Rxb7 Rxa2 34. h4 f6 1/2-1/2

[Event "MCRE_PF19"]
[Site "?"]
[Date "2004.??.??"]
[Round "?"]
[White "Binas, Jindrich"]
[Black "Strnad, Jiri"]
[Result "0-1"]
[WhiteElo "2175"]
[BlackElo "2228"]
[PlyCount "38"]
[EventDate "2004.??.??"]
[EventType "corr"]
[EventRounds "2"]
[SourceDate "2005.03.12"]

1. e4 c5 2. Nf3 Nc6 3. d4 cxd4 4. Nxd4 Nf6 5. Nc3 e5 6. Ndb5 d6 7. Bg5 a6 8.
Bxf6 gxf6 9. Na3 f5 10. exf5 Nd4 11. Nc4 Bxf5 12. Bd3 Be6 13. O-O h5 14. Ne2
Nc6 15. Ne3 d5 16. c3 Bc5 17. Qb3 Rg8 18. Rad1 h4 19. Bf5 Na5 0-1

[Event "MCRE_PF19"]
[Site "?"]
[Date "2004.??.??"]
[Round "?"]
[White "Jerabek, Zdenek"]
[Black "Strnad, Jiri"]
[Result "0-1"]
[WhiteElo "2221"]
[BlackElo "2228"]
[PlyCount "105"]
[EventDate "2004.??.??"]
[EventType "corr"]
[EventRounds "2"]
[SourceDate "2005.03.12"]

1. e4 c6 2. d4 d5 3. exd5 cxd5 4. Bd3 Nc6 5. c3 Qc7 6. Ne2 Bg4 7. f3 Bd7 8. Na3
a6 9. Nc2 e5 10. dxe5 Nxe5 11. Bf4 Bd6 12. O-O Nf6 13. Qd2 O-O 14. Ncd4 Rfe8
15. Ng3 Qb6 16. Kh1 Nc4 17. Bxc4 Bxf4 18. Qxf4 dxc4 19. Ndf5 Bxf5 20. Nxf5 Nd5
21. Qg5 Qg6 22. Qxg6 hxg6 23. Nd6 Re2 24. Rfd1 Nf4 25. Nxc4 Nxg2 26. Rd4 Rae8
27. Rg1 Ne1 28. Rf1 b5 29. Nd6 R8e3 30. Re4 Nxf3 31. Rxf3 Rxe4 32. Nxe4 Rxe4
33. Rf2 Kf8 34. Kg2 g5 35. Rd2 Ke7 36. Kf3 f5 37. h3 g4+ 38. hxg4 Rxg4 39. Rd5
Ke6 40. Rd8 Ra4 41. a3 g5 42. Re8+ Kd5 43. Rc8 g4+ 44. Kg3 Re4 45. Rd8+ Kc4 46.
Rd6 Re3+ 47. Kf2 f4 48. Rd4+ Kb3 49. Rb4+ Kc2 50. Kg1 Rg3+ 51. Kh2 Rf3 52. Kg2
Kd3 53. Kg1 0-1

[Event "MCRE_PF19"]
[Site "?"]
[Date "2004.??.??"]
[Round "?"]
[White "Milos, Vladislav"]
[Black "Strnad, Jiri"]
[Result "0-1"]
[WhiteElo "2148"]
[BlackElo "2228"]
[PlyCount "96"]
[EventDate "2004.??.??"]
[EventType "corr"]
[EventRounds "2"]
[SourceDate "2005.03.12"]

1. e4 c6 2. d4 d5 3. exd5 cxd5 4. c4 dxc4 5. Bxc4 Nf6 6. Nc3 e6 7. Bg5 Be7 8.
Nf3 Nc6 9. O-O O-O 10. Re1 a6 11. Bb3 h6 12. Bf4 Qb6 13. d5 Rd8 14. Qc1 exd5
15. Na4 Qb4 16. Bc7 Bg4 17. Bxd8 Rxd8 18. Nd2 Nh5 19. a3 Qd4 20. Qc3 Bg5 21.
Nf1 Nf4 22. Ng3 Qxc3 23. bxc3 Bf6 24. Re3 Na5 25. Ba2 d4 26. Re4 g5 27. f3 Bd7
28. Nc5 Bc6 29. Ree1 dxc3 30. Kh1 b6 31. Nce4 Be5 32. Nf5 c2 33. Nxh6+ Kg7 34.
Nxf7 Bxa1 35. Nxd8 Bb2 36. Nxc6 Nxc6 37. Bb1 c1=Q 38. Rxc1 Bxc1 39. Nxg5 Bxa3
40. g3 Nd5 41. Be4 Ncb4 42. Kg2 Bb2 43. Ne6+ Kf6 44. Nd8 Nc3 45. Nc6 Nxc6 46.
Bxc6 b5 47. Kf2 b4 48. Ke3 b3 0-1

[Event "MCRE_PF19"]
[Site "?"]
[Date "2004.??.??"]
[Round "?"]
[White "Strnad, Jiri"]
[Black "Binas, Jindrich"]
[Result "1-0"]
[WhiteElo "2228"]
[BlackElo "2175"]
[PlyCount "37"]
[EventDate "2004.??.??"]
[EventType "corr"]
[EventRounds "2"]
[SourceDate "2005.03.12"]

1. d4 d5 2. c4 e6 3. Nf3 Nf6 4. Nc3 Be7 5. Bg5 h6 6. Bh4 O-O 7. Bxf6 Bxf6 8. e3
c6 9. Qc2 Nd7 10. Rd1 a6 11. Bd3 Rb8 12. O-O b5 13. c5 e5 14. e4 exd4 15. Ne2
Ne5 16. Nfxd4 Nxd3 17. Qxd3 Bb7 18. Ng3 g6 19. b4 1-0

[Event "MCRE_PF19"]
[Site "?"]
[Date "2004.??.??"]
[Round "?"]
[White "Strnad, Jiri"]
[Black "Svrsek, Radomir"]
[Result "1/2-1/2"]
[WhiteElo "2228"]
[BlackElo "2194"]
[PlyCount "82"]
[EventDate "2004.??.??"]
[EventType "corr"]
[EventRounds "2"]
[SourceDate "2005.03.12"]

1. d4 Nf6 2. Nf3 d5 3. c4 e6 4. Nc3 c6 5. e3 Nbd7 6. Bd3 Bd6 7. O-O dxc4 8.
Bxc4 O-O 9. e4 e5 10. Bg5 Qe7 11. d5 Nb6 12. Bb3 h6 13. Bh4 cxd5 14. exd5 Bg4
15. Re1 Rfe8 16. Ne4 Nbd7 17. h3 Bh5 18. Ba4 g5 19. Nxf6+ Qxf6 20. Bxd7 Re7 21.
Bg4 Bxg4 22. hxg4 gxh4 23. Nd2 Qg6 24. Qf3 Bb4 25. Rad1 Rd8 26. Re3 Bxd2 27.
Rxd2 Rd6 28. b3 f6 29. Rc3 Rg7 30. Rc4 Rgd7 31. a4 Kg7 32. a5 Qf7 33. Rc5 b6
34. Rb5 Rc7 35. Rd1 Rc2 36. axb6 axb6 37. Qe4 Qc7 38. Qb4 Kg6 39. Qe4+ Kg7 40.
Qa4 Kg6 41. Ra1 Rc1+ 1/2-1/2

[Event "MCRE_PF19"]
[Site "?"]
[Date "2004.??.??"]
[Round "?"]
[White "Strnad, Jiri"]
[Black "Tkac, Leopold"]
[Result "1/2-1/2"]
[WhiteElo "2228"]
[BlackElo "2112"]
[PlyCount "55"]
[EventDate "2004.??.??"]
[EventType "corr"]
[EventRounds "2"]
[SourceDate "2005.03.12"]

1. d4 d5 2. Nf3 Nf6 3. c4 e6 4. Nc3 Be7 5. Bg5 O-O 6. e3 Nbd7 7. Rc1 c6 8. Bd3
dxc4 9. Bxc4 Nd5 10. Bxe7 Qxe7 11. O-O Nxc3 12. Rxc3 e5 13. Qc2 e4 14. Nd2 Nf6
15. Rc1 Re8 16. a4 a5 17. Bb3 Qc7 18. f3 exf3 19. Nxf3 Be6 20. Rf1 Qd6 21. Bxe6
Rxe6 22. Ng5 Ree8 23. Rb3 Rab8 24. Qc4 Qd7 25. Qc2 Qd6 26. Qc4 Qd7 27. Qc2 Qd6
28. Qc4 1/2-1/2

[Event "MCRE_PF19"]
[Site "?"]
[Date "2004.??.??"]
[Round "?"]
[White "Svrsek, Radomir"]
[Black "Strnad, Jiri"]
[Result "0-1"]
[WhiteElo "2194"]
[BlackElo "2228"]
[PlyCount "130"]
[EventDate "2004.??.??"]
[EventType "corr"]
[EventRounds "2"]
[SourceDate "2005.03.12"]

1. e4 c6 2. d4 d5 3. e5 Bf5 4. Nf3 e6 5. Nbd2 Ne7 6. Nh4 Nd7 7. c3 c5 8. dxc5
a6 9. Nxf5 Nxf5 10. Bd3 Nh4 11. O-O Nxe5 12. Nb3 Nxd3 13. Qxd3 Qf6 14. c4 Rd8
15. Qg3 Nf5 16. Qf4 e5 17. Qg4 Qg6 18. Qe2 Be7 19. cxd5 Rxd5 20. Qe4 Qe6 21.
Be3 Nxe3 22. Qxe3 O-O 23. Rac1 Rc8 24. Rfd1 Rcd8 25. Rxd5 Rxd5 26. h3 e4 27.
Qg3 g6 28. Qb8+ Kg7 29. Qxb7 e3 30. fxe3 Qxe3+ 31. Kh1 Rxc5 32. Rd1 Rh5 33. Qd7
Bf6 34. Qd3 Qb6 35. Nd2 Qxb2 36. Ne4 Be5 37. a3 a5 38. Nd2 Qc3 39. Nc4 Qxd3 40.
Rxd3 Bc7 41. Kg1 Rc5 42. Ne3 h5 43. Kf2 Kf6 44. g4 Ke6 45. Kf3 Bd6 46. Rb3 f5
47. gxh5 gxh5 48. a4 Rc1 49. Rb5 Rc3 50. Ke2 f4 51. Nf5 f3+ 52. Kd2 f2 53. Nd4+
Kd7 54. Rf5 Rc4 55. Kd3 Rxa4 56. Rf7+ Kc8 57. Rxf2 Bc5 58. Rf5 Rxd4+ 59. Kc3
Bb6 60. Rxh5 Rf4 61. Kb2 Kb7 62. Ka2 Kc6 63. Rg5 Bc5 64. Rg2 Kb5 65. Rb2+ Ka4
0-1

[Event "MCRE_PF19"]
[Site "?"]
[Date "2004.??.??"]
[Round "?"]
[White "Tkac, Leopold"]
[Black "Strnad, Jiri"]
[Result "1/2-1/2"]
[WhiteElo "2112"]
[BlackElo "2228"]
[PlyCount "78"]
[EventDate "2004.??.??"]
[EventType "corr"]
[EventRounds "2"]
[SourceDate "2005.03.12"]

1. e4 c6 2. d4 d5 3. e5 Bf5 4. Be2 e6 5. Nf3 c5 6. O-O Nc6 7. c3 cxd4 8. Nxd4
Nxd4 9. cxd4 Ne7 10. Nc3 Nc6 11. g4 Bg6 12. f4 f5 13. exf6 Qxf6 14. Bb5 O-O-O
15. Bxc6 bxc6 16. Qa4 Kb7 17. Bd2 Be8 18. Rf3 Rb8 19. Ne2 Bd6 20. Rb3+ Ka8 21.
Qa6 Bd7 22. h3 h5 23. g5 Qf5 24. Qa5 Rhc8 25. Qc3 c5 26. Qe3 Rxb3 27. axb3 Qc2
28. Bc3 Qxb3 29. Qd3 Qb8 30. dxc5 Bxc5+ 31. Kg2 Bb5 32. Qf3 Bxe2 33. Qxe2 d4
34. Bd2 Qxb2 35. Qxe6 Rd8 36. Qe4+ Qb7 37. Qf3 Re8 38. Re1 Rxe1 39. Bxe1 g6
1/2-1/2

[Event "MCRE_PF19"]
[Site "?"]
[Date "2004.??.??"]
[Round "?"]
[White "Milos, Vladislav"]
[Black "Binas, Jindrich"]
[Result "0-1"]
[WhiteElo "2148"]
[BlackElo "2175"]
[PlyCount "84"]
[EventDate "2004.??.??"]
[EventType "corr"]
[EventRounds "2"]
[SourceDate "2005.03.12"]

1. e4 c5 2. Nf3 d6 3. d4 cxd4 4. Qxd4 a6 5. Bc4 Nc6 6. Qe3 Nf6 7. O-O Qc7 8.
Nc3 e6 9. Qe2 b5 10. Bb3 Be7 11. Bg5 h6 12. Bf4 b4 13. Nb1 a5 14. Rd1 a4 15.
Bc4 O-O 16. a3 g5 17. Bg3 g4 18. Ne1 Ne5 19. Bb5 bxa3 20. Rxa3 Bd7 21. Bxd7
Nfxd7 22. Nc3 h5 23. Rxa4 Rxa4 24. Nxa4 Ng6 25. Qa6 Nde5 26. c3 h4 27. Bxe5
Nxe5 28. Rd4 Rd8 29. Nd3 Bf6 30. Nxe5 Bxe5 31. Rb4 Qe7 32. Qd3 Qg5 33. Qe3 Bf4
34. Qe1 g3 35. fxg3 hxg3 36. h3 Be3+ 37. Kh1 d5 38. Qa1 dxe4 39. Rxe4 f5 40.
Rxe6 f4 41. Qe1 Kf7 42. Re4 Qf5 0-1

[Event "MCRE_PF19"]
[Site "?"]
[Date "2004.??.??"]
[Round "?"]
[White "Binas, Jindrich"]
[Black "Toman, Antonin"]
[Result "0-1"]
[WhiteElo "2175"]
[BlackElo "2199"]
[PlyCount "72"]
[EventDate "2004.??.??"]
[EventType "corr"]
[EventRounds "2"]
[SourceDate "2005.03.12"]

1. e4 e5 2. Nf3 Nc6 3. Bc4 Nf6 4. Ng5 d5 5. exd5 Na5 6. Bb5+ c6 7. dxc6 bxc6 8.
Be2 h6 9. Nh3 g5 10. d3 g4 11. Ng1 Bc5 12. Nc3 Rb8 13. Be3 Bxe3 14. fxe3 Rxb2
15. h3 Nd5 16. Nxd5 cxd5 17. hxg4 Nc6 18. Qc1 Qa5+ 19. Kf1 Qc3 20. Bd1 Be6 21.
g5 h5 22. Ne2 Qa3 23. Ng3 Nb4 24. Nxh5 Kd8 25. Qd2 Ke7 26. d4 Nxc2 27. Bxc2 Rc8
28. Rc1 Bf5 29. e4 Bxe4 30. Rh3 Qa6+ 31. Kg1 Rcxc2 32. Rxc2 Rxc2 33. Qb4+ Ke6
34. Ng7+ Kd7 35. Rg3 exd4 36. Qf8 d3 0-1

[Event "MCRE_PF19"]
[Site "?"]
[Date "2004.??.??"]
[Round "?"]
[White "Jerabek, Zdenek"]
[Black "Toman, Antonin"]
[Result "1/2-1/2"]
[WhiteElo "2221"]
[BlackElo "2199"]
[PlyCount "128"]
[EventDate "2004.??.??"]
[EventType "corr"]
[EventRounds "2"]
[SourceDate "2005.03.12"]

1. e4 e5 2. Nf3 Nc6 3. Bb5 a6 4. Ba4 Nf6 5. O-O Be7 6. Re1 b5 7. Bb3 O-O 8. c3
d5 9. exd5 Nxd5 10. Nxe5 Nxe5 11. Rxe5 c6 12. d4 Bd6 13. Re1 Qh4 14. g3 Qh3 15.
Re4 g5 16. Qf3 g4 17. Qg2 Qh5 18. Re1 Be6 19. Nd2 Rfe8 20. Ne4 Be7 21. Bf4 Rad8
22. Be5 Qg6 23. Nc5 Bxc5 24. dxc5 a5 25. a4 b4 26. c4 Ne7 27. Re2 Qd3 28. Re3
Qg6 29. Qe4 Qxe4 30. Rxe4 Bf5 31. Ree1 Rd3 32. Ba2 Ng6 33. Bc7 Rxe1+ 34. Rxe1
Rd2 35. Bb1 Bxb1 36. Rxb1 Rd7 37. Bd6 f6 38. Re1 Kf7 39. Re3 Ne5 40. Bxe5 fxe5
41. Rxe5 Rd1+ 42. Kg2 Rd2 43. b3 Rb2 44. Re3 Kf6 45. Rd3 Ke5 46. h3 gxh3+ 47.
Kxh3 Rxf2 48. Rd6 Rf3 49. Rxc6 Rxb3 50. Rh6 Rf3 51. Rxh7 Kd4 52. c6 Rf6 53. c7
Rc6 54. Rh5 Rxc7 55. Rxa5 Rxc4 56. Rb5 Kc3 57. a5 b3 58. g4 b2 59. a6 Ra4 60.
g5 Rxa6 61. Rxb2 Kxb2 62. Kg4 Rc6 63. Kh5 Rc1 64. g6 Rh1+ 1/2-1/2

[Event "MCRE_PF19"]
[Site "?"]
[Date "2004.??.??"]
[Round "?"]
[White "Svrsek, Radomir"]
[Black "Toman, Antonin"]
[Result "0-1"]
[WhiteElo "2194"]
[BlackElo "2199"]
[PlyCount "104"]
[EventDate "2004.??.??"]
[EventType "corr"]
[EventRounds "2"]
[SourceDate "2005.03.12"]

1. e4 e5 2. Nf3 Nc6 3. Bb5 a6 4. Ba4 Nf6 5. O-O Be7 6. Re1 b5 7. Bb3 O-O 8. c3
d5 9. exd5 Nxd5 10. Nxe5 Nxe5 11. Rxe5 c6 12. d4 Bd6 13. Re1 Qh4 14. g3 Qh3 15.
Re4 g5 16. Nd2 f5 17. Re5 Bxe5 18. dxe5 h6 19. c4 bxc4 20. Nxc4 f4 21. Nd6 fxg3
22. fxg3 Bg4 23. Bxd5+ Kg7 24. Bg2 Qxg2+ 25. Kxg2 Bxd1 26. Be3 Bf3+ 27. Kf2 Kg6
28. Bd4 Bd5+ 29. Ke2 Rab8 30. b3 a5 31. Ba7 Ra8 32. Bc5 Rf3 33. Rc1 g4 34. Rc2
a4 35. bxa4 Rxa4 36. a3 h5 37. Ke1 Ra8 38. Re2 Rd3 39. Rd2 Rb3 40. Rf2 Bf3 41.
Kd2 Ra5 42. Kc2 Rb8 43. Bd4 Rxa3 44. Bb2 Ra5 45. Bd4 Ra2+ 46. Kc1 Rxf2 47. Bxf2
Bd5 48. Kc2 Rb3 49. Bd4 Rf3 50. Bb6 Rf1 51. Bd8 Rf2+ 52. Kc3 Rxh2 0-1

[Event "MCRE_PF19"]
[Site "?"]
[Date "2004.??.??"]
[Round "?"]
[White "Toman, Antonin"]
[Black "Binas, Jindrich"]
[Result "1-0"]
[WhiteElo "2199"]
[BlackElo "2175"]
[PlyCount "49"]
[EventDate "2004.??.??"]
[EventType "corr"]
[EventRounds "2"]
[SourceDate "2005.03.12"]

1. e4 c5 2. b3 Nc6 3. Bb2 e5 4. Bc4 d6 5. Nc3 Nf6 6. Nge2 Be7 7. f4 O-O 8. O-O
Bg4 9. h3 Bxe2 10. Bxe2 d5 11. fxe5 Nxe4 12. Nxe4 dxe4 13. Bc4 Na5 14. Qe2 Nxc4
15. Qxc4 Qxd2 16. Qxe4 Rad8 17. Qxb7 Qxc2 18. e6 Qxb2 19. Qxe7 fxe6 20. Qxe6+
Kh8 21. Qe7 Rg8 22. Qxc5 Qd4+ 23. Qxd4 Rxd4 24. Rf7 a5 25. Ra7 1-0

[Event "MCRE_PF19"]
[Site "?"]
[Date "2004.??.??"]
[Round "?"]
[White "Toman, Antonin"]
[Black "Postl, Rostislav"]
[Result "1-0"]
[WhiteElo "2199"]
[BlackElo "2309"]
[PlyCount "143"]
[EventDate "2004.??.??"]
[EventType "corr"]
[EventRounds "2"]
[SourceDate "2005.03.12"]

1. e4 c5 2. b3 d6 3. Bb2 Nc6 4. Nf3 e6 5. d4 cxd4 6. Nxd4 Nf6 7. Nxc6 bxc6 8.
e5 Ne4 9. Nd2 Qa5 10. Bd3 Nxd2 11. Qxd2 Qxd2+ 12. Kxd2 d5 13. c4 a5 14. Rhc1
Bd7 15. c5 f5 16. Bd4 Be7 17. f4 Rb8 18. Rab1 g5 19. g3 h6 20. Rf1 Rg8 21. Kc3
Bc8 22. Rg1 g4 23. a3 Kf7 24. h3 gxh3 25. Rb2 Bf8 26. Rh2 Ke8 27. Rxh3 Rb7 28.
Be2 Kd8 29. Bf2 Rg6 30. Rh4 Be7 31. Rh2 Bf8 32. Rhg2 Rg8 33. g4 Rbg7 34. Kd4
fxg4 35. Rxg4 Rxg4 36. Rxg4 Rxg4 37. Bxg4 Be7 38. Be1 a4 39. b4 Kc7 40. Be2 Bd7
41. Bd1 Be8 42. Bxa4 h5 43. Bc2 h4 44. f5 h3 45. Bg3 Bh4 46. Bh2 Bh5 47. f6 Kd7
48. Bh7 Be1 49. Kd3 Be8 50. Kc2 Bh5 51. Bd3 Bf3 52. Kc1 Be4 53. Ba6 Bf2 54. Bf1
Bg2 55. Be2 Be4 56. Kd2 d4 57. Bd3 Bf3 58. f7 Be3+ 59. Kc2 Bh6 60. Bf4 Bf8 61.
Bg6 Be2 62. a4 Bc4 63. a5 Kc7 64. Kd2 Kb7 65. Bd3 Bd5 66. Ke2 Bb3 67. Ke1 Bd5
68. Bf1 Bg2 69. Bxg2 hxg2 70. Kf2 g1=Q+ 71. Kxg1 Ka7 72. Kf2 1-0

[Event "MCRE_PF19"]
[Site "?"]
[Date "2004.??.??"]
[Round "?"]
[White "Toman, Antonin"]
[Black "Strnad, Jiri"]
[Result "1/2-1/2"]
[WhiteElo "2199"]
[BlackElo "2228"]
[PlyCount "102"]
[EventDate "2004.??.??"]
[EventType "corr"]
[EventRounds "2"]
[SourceDate "2005.03.12"]

1. e4 c6 2. d4 d5 3. Nd2 dxe4 4. Nxe4 Bf5 5. Ng3 Bg6 6. h4 h6 7. Nf3 Nd7 8. h5
Bh7 9. Bd3 Bxd3 10. Qxd3 Qc7 11. Rh4 e6 12. Bf4 Qa5+ 13. Bd2 Qb6 14. O-O-O Be7
15. Rg4 Bf8 16. Ne5 Ngf6 17. Rh4 Be7 18. f4 Rd8 19. Qe2 O-O 20. f5 c5 21. Nxd7
Rxd7 22. fxe6 fxe6 23. Re1 Nd5 24. Rg4 cxd4 25. Bxh6 Bb4 26. Bxg7 Rxg7 27. h6
Rff7 28. hxg7 Bxe1 29. Qxe1 Ne3 30. Qh1 Rxg7 31. Rxg7+ Kxg7 32. Qh4 Qd6 33. Ne4
Qd5 34. Qe7+ Kg6 35. Qf6+ Kh5 36. Qf4 Kg6 37. g4 e5 38. Qg5+ Kf7 39. Qf6+ Ke8
40. Qg6+ Kf8 41. Qh6+ Ke7 42. Qh4+ Ke6 43. g5 Qc6 44. Qh3+ Ke7 45. Qh7+ Kf8 46.
c3 Qa6 47. Kd2 Nc4+ 48. Ke1 Qxa2 49. Qh6+ Ke7 50. Qf6+ Ke8 51. Qe6+ Kd8 1/2-1/2

[Event "MCRE_PF19"]
[Site "?"]
[Date "2004.??.??"]
[Round "?"]
[White "Toman, Antonin"]
[Black "Svrsek, Radomir"]
[Result "1/2-1/2"]
[WhiteElo "2199"]
[BlackElo "2194"]
[PlyCount "93"]
[EventDate "2004.??.??"]
[EventType "corr"]
[EventRounds "2"]
[SourceDate "2005.03.12"]

1. e4 c6 2. d4 d5 3. exd5 cxd5 4. c4 Nf6 5. Nc3 e6 6. Nf3 Be7 7. cxd5 Nxd5 8.
Bd3 Nc6 9. O-O O-O 10. Re1 Nf6 11. a3 b6 12. Bb1 Ba6 13. Bg5 Rc8 14. Qc2 g6 15.
Bh6 Re8 16. Qd1 Bc4 17. Bc2 b5 18. Bg5 a5 19. b3 Bd5 20. Nxb5 Bxf3 21. Qxf3
Nxd4 22. Nxd4 Qxd4 23. Rad1 Qb2 24. Bd3 Nd5 25. Bb5 Red8 26. Rd2 Qxa3 27. Rxd5
Rxd5 28. Bxe7 Qxe7 29. Qxd5 Qb4 30. Rxe6 Rc1+ 31. Bf1 fxe6 32. Qxe6+ Kg7 33.
Qd7+ Kf6 34. Qxh7 Qxb3 35. Qh8+ Ke7 36. Qg7+ Kd8 37. Qf8+ Kd7 38. Qg7+ Kc8 39.
Qf8+ Kb7 40. Qe7+ Rc7 41. Qe4+ Rc6 42. Qe7+ Kc8 43. Qe8+ Kc7 44. Qe5+ Kd7 45.
Qxa5 Rd6 46. g3 Rd1 47. Qa6 1/2-1/2

[Event "MCRE_PF19"]
[Site "?"]
[Date "2004.??.??"]
[Round "?"]
[White "Toman, Antonin"]
[Black "Tkac, Leopold"]
[Result "1/2-1/2"]
[WhiteElo "2199"]
[BlackElo "2112"]
[PlyCount "119"]
[EventDate "2004.??.??"]
[EventType "corr"]
[EventRounds "2"]
[SourceDate "2005.03.12"]

1. e4 e5 2. Nf3 Nc6 3. Bb5 a6 4. Ba4 Nf6 5. O-O Be7 6. Re1 b5 7. Bb3 d6 8. c3
O-O 9. h3 Na5 10. Bc2 c5 11. d4 Bb7 12. Nbd2 cxd4 13. cxd4 exd4 14. Nxd4 Re8
15. b3 Nc6 16. Bb2 Nxd4 17. Bxd4 Nd7 18. Nf3 Rc8 19. b4 Bf6 20. a4 a5 21. bxa5
b4 22. Qd2 Qxa5 23. Rab1 Ba8 24. Bd3 Bxd4 25. Nxd4 Nc5 26. Nf5 Qxa4 27. Rxb4
Qd7 28. Rd4 Re6 29. Bc2 Rg6 30. Rxd6 Rxd6 31. Qxd6 Qxd6 32. Nxd6 Rd8 33. e5 Bd5
34. f4 Rb8 35. Rd1 Ba2 36. Rd2 Ra8 37. Kf2 Kf8 38. Ne4 Nxe4+ 39. Bxe4 Ra5 40.
Rd8+ Ke7 41. Rh8 Rc5 42. Rxh7 Rc4 43. Bf3 Rxf4 44. Rxg7 Rf5 45. h4 Rxe5 46. Rg8
Rb5 47. g4 f5 48. Rg7+ Kf6 49. Rb7 Rxb7 50. g5+ Kg6 51. Bxb7 Kh5 52. Kg3 f4+
53. Kxf4 Kxh4 54. Be4 Bf7 55. Kf5 Be8 56. Bd3 Kg3 57. Kf6 Kf4 58. Bg6 Bd7 59.
Bf7 Bf5 60. Bh5 1/2-1/2

[Event "MCRE_PF19"]
[Site "?"]
[Date "2004.??.??"]
[Round "?"]
[White "Binas, Jindrich"]
[Black "Jerabek, Zdenek"]
[Result "1-0"]
[WhiteElo "2175"]
[BlackElo "2221"]
[PlyCount "60"]
[EventDate "2004.??.??"]
[EventType "corr"]
[EventRounds "2"]
[SourceDate "2005.03.12"]

1. e4 c5 2. Nf3 d6 3. d4 cxd4 4. Nxd4 Nf6 5. Nc3 a6 6. Be3 Nbd7 7. Be2 Nc5 8.
f3 e6 9. Qd2 Be7 10. g4 O-O 11. g5 Ne8 12. O-O-O d5 13. exd5 e5 14. Nb3 Nxb3+
15. axb3 Nd6 16. h4 Bf5 17. Bd3 Rc8 18. Ne4 Nxe4 19. Bxe4 Bxe4 20. fxe4 Bc5 21.
h5 f5 22. Bxc5 Rxc5 23. exf5 Rxf5 24. d6 e4 25. g6 h6 26. Rhe1 Ra5 27. Kb1 Rae5
28. Qd4 e3 29. Rxe3 Rxe3 30. Qxe3 Rf8 1-0

[Event "MCRE_PF19"]
[Site "?"]
[Date "2004.??.??"]
[Round "?"]
[White "Binas, Jindrich"]
[Black "Milos, Vladislav"]
[Result "0-1"]
[WhiteElo "2175"]
[BlackElo "2148"]
[PlyCount "42"]
[EventDate "2004.??.??"]
[EventType "corr"]
[EventRounds "2"]
[SourceDate "2005.03.12"]
[TimeControl "240+2"]

1. e4 e5 2. Nf3 Nc6 3. Bc4 Nf6 4. Ng5 d5 5. exd5 b5 6. Bf1 Nd4 7. c3 Nxd5 8.
Ne4 Ne6 9. Bxb5+ Bd7 10. Bxd7+ Qxd7 11. O-O c5 12. d3 Ndf4 13. Bxf4 Nxf4 14.
Qf3 Rb8 15. Re1 Nxd3 16. Rd1 Rd8 17. Na3 f5 18. Ng3 g6 19. Nc4 Bg7 20. Qe2 O-O
21. f3 Rfe8 0-1

[Event "MCRE_PF19"]
[Site "?"]
[Date "2004.??.??"]
[Round "?"]
[White "Binas, Jindrich"]
[Black "Postl, Rostislav"]
[Result "1/2-1/2"]
[WhiteElo "2175"]
[BlackElo "2309"]
[PlyCount "68"]
[EventDate "2004.??.??"]
[EventType "corr"]
[EventRounds "2"]
[SourceDate "2005.03.12"]

1. e4 e5 2. Nf3 Nc6 3. Bc4 Nf6 4. Ng5 d5 5. exd5 Na5 6. Bb5+ c6 7. dxc6 bxc6 8.
Be2 h6 9. Nh3 Bc5 10. O-O O-O 11. d3 Nd5 12. Nc3 Nxc3 13. bxc3 Qh4 14. Kh1 Bxh3
15. gxh3 e4 16. Rg1 Rae8 17. Rg4 exd3 18. Qxd3 Qf6 19. Qf3 Re6 20. Bf4 Rfe8 21.
Bg3 Qxf3+ 22. Bxf3 Bb6 23. h4 g6 24. Kg2 f5 25. Rb4 g5 26. hxg5 hxg5 27. h3 Rd8
28. Rd1 Rxd1 29. Bxd1 f4 30. Bh2 Rd6 31. Bg4 Rd2 32. Bg1 Rxc2 33. h4 c5 34. Re4
gxh4 1/2-1/2

[Event "MCRE_PF19"]
[Site "?"]
[Date "2004.??.??"]
[Round "?"]
[White "Binas, Jindrich"]
[Black "Svrsek, Radomir"]
[Result "1/2-1/2"]
[WhiteElo "2175"]
[BlackElo "2194"]
[PlyCount "93"]
[EventDate "2004.??.??"]
[EventType "corr"]
[EventRounds "2"]
[SourceDate "2005.03.12"]

1. e4 c6 2. d4 d5 3. exd5 cxd5 4. c3 e6 5. Nf3 Bd6 6. Bd3 Nd7 7. O-O Ne7 8. Bg5
Qc7 9. Re1 Ng6 10. Qc2 b6 11. Nbd2 O-O 12. h4 Nf6 13. Nf1 a6 14. Bxf6 gxf6 15.
g3 Kg7 16. h5 Ne7 17. Ne3 h6 18. Qd2 Rh8 19. a4 f5 20. Ng2 Nc6 21. Re2 Na5 22.
Bc2 Nc4 23. Qc1 Bb7 24. b3 Na5 25. Re3 Rac8 26. Qd2 Nc6 27. Rc1 Rhg8 28. Kh1
Na5 29. Rce1 Rh8 30. Ne5 Bxe5 31. dxe5 d4 32. Qxd4 Rhd8 33. Qh4 Rd2 34. Qf6+
Kg8 35. Bxf5 exf5 36. f3 Qd8 37. Qxh6 Bd5 38. e6 Qf8 39. Qg5+ Qg7 40. Qxf5 Rd8
41. e7 Re8 42. Qf4 f6 43. c4 Bf7 44. h6 Qg5 45. Nh4 Nc6 46. Qxg5+ fxg5 47. Nf5
1/2-1/2

[Event "MCRE_PF19"]
[Site "?"]
[Date "2004.??.??"]
[Round "?"]
[White "Binas, Jindrich"]
[Black "Tkac, Leopold"]
[Result "0-1"]
[WhiteElo "2175"]
[BlackElo "2112"]
[PlyCount "56"]
[EventDate "2004.??.??"]
[EventType "corr"]
[EventRounds "2"]
[SourceDate "2005.03.12"]

1. e4 e5 2. Nf3 Nc6 3. Bc4 Bc5 4. c3 Nf6 5. d3 d6 6. Nbd2 a6 7. Bb3 O-O 8. h3
Nh5 9. Nf1 Be6 10. Bg5 Qe8 11. g4 Nf4 12. Bxf4 exf4 13. N1d2 Bd7 14. d4 Bb6 15.
Nh4 Na5 16. Bc2 c5 17. d5 Bd8 18. Nf5 Bxf5 19. gxf5 b5 20. Qg4 Bf6 21. Rb1 b4
22. c4 Be5 23. b3 Nb7 24. O-O Qd8 25. Nf3 f6 26. Rbd1 Qa5 27. Bb1 Qa3 28. Rd2
a5 0-1

[Event "MCRE_PF19"]
[Site "?"]
[Date "2004.??.??"]
[Round "?"]
[White "Jerabek, Zdenek"]
[Black "Postl, Rostislav"]
[Result "1/2-1/2"]
[WhiteElo "2221"]
[BlackElo "2309"]
[PlyCount "102"]
[EventDate "2004.??.??"]
[EventType "corr"]
[EventRounds "2"]
[SourceDate "2005.03.12"]

1. e4 e5 2. Nf3 Nc6 3. Bb5 a6 4. Ba4 Nf6 5. O-O Be7 6. Re1 b5 7. Bb3 d6 8. c3
O-O 9. h3 Na5 10. Bc2 c5 11. d4 Qc7 12. Nbd2 cxd4 13. cxd4 Bb7 14. d5 Rac8 15.
Bd3 Nd7 16. Nf1 f5 17. exf5 Bxd5 18. Ng5 Bxg5 19. Bxg5 Ba8 20. Ne3 d5 21. f6
Nxf6 22. Bf5 d4 23. Ng4 Nxg4 24. Qxg4 Rb8 25. Rad1 Bb7 26. Rxd4 Bc8 27. Be6+
Kh8 28. Rd2 Nc4 29. Rde2 Bxe6 30. Qxe6 Rb6 31. Qe7 Qxe7 32. Bxe7 Re8 33. Bc5
Rc6 34. Bd4 Kg8 35. b3 Rd8 36. Ba1 Na3 37. Bxe5 Nc2 38. Rc1 Nb4 39. Rxc6 Nxc6
40. Bc3 Kf7 41. f4 b4 42. Bb2 Rd3 43. Rc2 Ne7 44. Rc7 Rd1+ 45. Kh2 Rd2 46. Bxg7
Rxa2 47. Bh6 Kg6 48. Rxe7 Kxh6 49. Kg3 Kg6 50. Kf3 Ra3 51. Ke4 Rxb3 1/2-1/2

[Event "MCRE_PF19"]
[Site "?"]
[Date "2004.??.??"]
[Round "?"]
[White "Milos, Vladislav"]
[Black "Postl, Rostislav"]
[Result "0-1"]
[WhiteElo "2148"]
[BlackElo "2309"]
[PlyCount "82"]
[EventDate "2004.??.??"]
[EventType "corr"]
[EventRounds "2"]
[SourceDate "2005.03.12"]

1. e4 e5 2. Nf3 Nc6 3. d4 exd4 4. Nxd4 Bc5 5. Be3 Qf6 6. c3 Nge7 7. Bc4 Ne5 8.
Be2 d5 9. O-O O-O 10. f4 N5c6 11. e5 Qh4 12. Bf2 Bxd4 13. Bxd4 Nxd4 14. cxd4 f6
15. Nc3 c6 16. Qd2 Qh6 17. Qd3 Bf5 18. Qd1 Ng6 19. g3 Bh3 20. Rf2 Rae8 21. Qd3
fxe5 22. dxe5 Nxe5 23. fxe5 Rxf2 24. Kxf2 Bf5 25. Qxf5 Rf8 26. Qxf8+ Kxf8 27.
Rh1 Qd2 28. Nd1 d4 29. Kf1 c5 30. Rg1 c4 31. Rg2 c3 32. bxc3 dxc3 33. Rf2+ Ke7
34. Nxc3 Qxc3 35. Bh5 b5 36. Kg2 g6 37. Bg4 Qd4 38. Re2 Qxg4 39. Kf2 Qd4+ 40.
Kf1 a5 41. e6 b4 0-1